| 000 | 00358 a2200157 4500 | ||
|---|---|---|---|
| 001 | 71667 | ||
| 020 | _a8587992015 | ||
| 040 | _cAnchieta - Colégio São Paulo | ||
| 100 | _aHernandes, Christina | ||
| 240 | 1 | 0 |
_aFiló, a exploradora _lpor |
| 245 | 1 | 0 | _aFiló, a exploradora |
| 300 | _a47 | ||
| 362 | 0 | _a2000 | |
| 650 | 4 | _aLiteratura infantil | |
| 942 | _cBK | ||
| 999 |
_c71667 _d71667 |
||